2023 NBA Draft - Statistics

General Stats
  • This quiz has been taken 440 times
  • The average score is 26 of 60
Answer Stats
Hint Team Answer From % Correct
1 Spurs Victor Wembanyama France
99%
4 Rockets Amen Thompson Overtime
96%
5 Pistons Ausar Thompson Overtime
96%
2 Hornets Brandon Miller Alabama
94%
3 Trailblazers Scoot Henderson G League Ignite
93%
48 Clippers Jordan Miller Miami
91%
33 Timberwolves Leonard Miller G League Ignite
91%
6 Magic Anthony Black Arkansas
82%
7 Wizards Bilal Coulibaly France
79%
13 Raptors Gradey Dick Kansas
76%
12 Mavericks Dereck Lively Duke
74%
18 Heat Jaime Jaquez Jr UCLA
68%
19 Warriors Brandin Podziemski Santa Clara
65%
10 Thunder Cason Wallace Kentucky
65%
8 Pacers Jarace Walker Houston
64%
16 Jazz Keyonte George Baylor
62%
20 Rockets Cam Whitmore Villanova
59%
11 Magic Jett Howard Michigan
57%
14 Pelicans Jordan Hawkins UConn
57%
17 Lakers Jalen Hood Schifino Indiana
55%
9 Jazz Taylor Hendricks UCF
55%
45 Grizzlies GG Jackson South Carolina
49%
36 Bucks Andre Jackson Jr UConn
48%
23 Trailblazers Kris Murray Iowa
47%
27 Hornets Nick Smith Jr Arkansas
45%
15 Hawks Kobe Bufkin Michigan
43%
21 Nets Noah Clowney Alabama
42%
22 Nets Dariq Whitehead Duke
40%
25 Pistons Marcus Sasser Houston
40%
59 Warriors Trayce Jackson-Davis Indiana
40%
50 Thunder Keyontae Johnson Kansas State
38%
30 Clippers Kobe Brown Missouri
37%
38 Celtics Jordan Walsh Arkansas
36%
29 Nuggets Julian Strawther Gonzaga
36%
26 Pacers Ben Sheppard Belmont
35%
28 Jazz Brice Sensabaugh Ohio State
34%
24 Mavericks Olivier Maxence Prosper Marquette
33%
34 Kings Colby Jones Xavier
29%
49 Cavaliers Emoni Bates Eastern Michigan
29%
52 Suns Toumani Camara Dayton
26%
51 Nets Jalen Wilson Kansas
25%
37 Nuggets Hunter Tyson Clemson
24%
32 Nuggets Jalen Pickett Penn State
24%
40 Lakers Maxwell Lewis Pepperdine
22%
44 Spurs Sidy Cissoko G League Ignite
20%
43 Trailblazers Rayan Rupert Australia
19%
41 Hornets Amari Bailey UCLA
18%
35 Bulls Julian Phillips Tennessee
17%
60 Bucks Chris Livingston Kentucky
15%
55 Pacers Isaiah Wong Miami
15%
31 Hornets James Nnaji Spain
14%
39 Hawks Mouhamed Gueye Washington State
14%
57 Bulls None Forfeited
13%
58 76ers None Forfeited
13%
53 Timberwolves Jaylen Clark UCLA
12%
42 Wizards Tristan Vukčević Serbia
12%
54 Kings Jalen Slawson Furman
10%
46 Hawks Seth Lundy Penn State
10%
47 Pacers Mojave King G League Ignite
7%
56 Grizzlies Tarik Biberović Turkey
5%
No matching quizzes found
Score Distribution
Percent of People with Each Score
Percentile by Number Answered
Your Score History
You have not taken this quiz